[Event "Dokmus Internacional de Xadrez 2013"]
[Site "Recife"]
[Date "2013.01.19"]
[Round "4.9"]
[White "Pinto, Carlos Henrique Lope"]
[Black "Picasso Gallego, Nicolas"]
[Result "1-0"]
[WhiteElo "2123"]
[BlackElo "1944"]
[PlyCount "53"]
[EventDate "2013.01.17"]

1. d4 Nf6 2. c4 g6 3. Nc3 Bg7 4. e4 d6 5. f4 O-O 6. Bd3 e5 7. fxe5 dxe5 8. d5
c6 9. Nf3 Qc7 10. O-O Nbd7 11. Qe1 Nc5 12. Bc2 a5 13. Qh4 Nh5 14. Kh1 Qd7 15.
Be3 Na6 16. Rad1 Qg4 17. Qxg4 Bxg4 18. Bb6 Nb4 19. Ba4 Bd7 20. a3 Rfc8 21. axb4
axb4 22. dxc6 Bxc6 23. Bxc6 bxc6 24. Ne2 c5 25. Rd5 Bf8 26. Nxe5 Ra6 27. Nd7
1-0

[Event "Dokmus Internacional de Xadrez 2013"]
[Site "Recife"]
[Date "2013.01.19"]
[Round "4.10"]
[White "Maia, Jose Eduardo Bastos"]
[Black "Araujo, Carlos Araripan Gome"]
[Result "1-0"]
[WhiteElo "2117"]
[BlackElo "1896"]
[PlyCount "47"]
[EventDate "2013.01.17"]

1. d4 d5 2. c4 c6 3. Nc3 Bg4 4. cxd5 cxd5 5. Qb3 Nf6 6. Qxb7 Nbd7 7. f3 Rb8 8.
Qxa7 Bf5 9. Bf4 Rxb2 10. e4 e5 11. dxe5 d4 12. Nb5 Bb4+ 13. Kd1 O-O 14. Qxd4
Ba3 15. Nxa3 Qb8 16. Nb5 Rxb5 17. Bxb5 Qxb5 18. exf6 Be6 19. Ne2 Nxf6 20. Ke1
Bc4 21. Nc3 Qa6 22. Kf2 Be6 23. Rab1 Qa8 24. Rhd1 1-0

[Event "Dokmus Internacional de Xadrez 2013"]
[Site "Recife"]
[Date "2013.01.19"]
[Round "5.1"]
[White "Milos, Gilberto"]
[Black "Reis, Paulo F. Jatoba De O"]
[Result "1/2-1/2"]
[WhiteElo "2580"]
[BlackElo "2414"]
[PlyCount "65"]
[EventDate "2013.01.17"]

1. c4 c5 2. Nf3 Nc6 3. Nc3 g6 4. e3 Nf6 5. d4 cxd4 6. exd4 d5 7. cxd5 Nxd5 8.
Qb3 Nxc3 9. Bc4 Nd5 10. Bxd5 e6 11. Bxc6+ bxc6 12. O-O Qd5 13. Qc3 Be7 14. Be3
f6 15. Rfc1 Bd7 16. Ne1 Kf7 17. Nd3 Rab8 18. f3 Rhd8 19. b3 Be8 20. Rd1 g5 21.
Rac1 Kg7 22. Qe1 Bg6 23. Nc5 Rb5 24. Bf2 Kf7 25. h3 Bf5 26. Qe2 h5 27. g4 hxg4
28. hxg4 Bg6 29. Re1 Bxc5 30. dxc5 Bd3 31. Qe3 Rb4 32. Bg3 e5 33. Rcd1 1/2-1/2

[Event "Dokmus Internacional de Xadrez 2013"]
[Site "Recife"]
[Date "2013.01.19"]
[Round "5.2"]
[White "Santiago, Yago De Moura"]
[Black "Pereira, Silvio Cunha"]
[Result "1/2-1/2"]
[WhiteElo "2405"]
[BlackElo "2297"]
[PlyCount "73"]
[EventDate "2013.01.17"]

1. Nf3 f5 2. d3 d5 3. g3 g6 4. h4 Nf6 5. c4 c6 6. cxd5 cxd5 7. h5 Nxh5 8. Rxh5
gxh5 9. Qa4+ Nc6 10. Qh4 Qd6 11. Nc3 Bg7 12. Nb5 Qb4+ 13. Qxb4 Nxb4 14. Nc7+
Kd7 15. Nxa8 Nc2+ 16. Kd1 Nxa1 17. d4 Kc6 18. Bf4 Bd7 19. Nc7 Rc8 20. Kc1 e5
21. dxe5 Kxc7 22. Kb1 Kd8 23. Kxa1 Bf8 24. Kb1 Bc5 25. e3 Ke7 26. Bd3 Kf7 27.
Ng5+ Ke7 28. Nxh7 d4 29. Nf6 Be6 30. e4 fxe4 31. Nxe4 Bb4 32. a3 Be1 33. Bg5+
Kf8 34. Bh6+ Ke7 35. Bg5+ Kf8 36. Bh6+ Ke7 37. Bg5+ 1/2-1/2

[Event "Dokmus Internacional de Xadrez 2013"]
[Site "Recife"]
[Date "2013.01.19"]
[Round "5.3"]
[White "Macedo, Maximo Iack"]
[Black "Matsuura, Everaldo"]
[Result "0-1"]
[WhiteElo "2408"]
[BlackElo "2475"]
[PlyCount "40"]
[EventDate "2013.01.17"]

1. d4 d5 2. c4 e6 3. Nf3 Nf6 4. Nc3 c6 5. e3 Nbd7 6. Qc2 Bd6 7. b3 O-O 8. Be2
a6 9. O-O e5 10. cxd5 cxd5 11. dxe5 Nxe5 12. Bb2 Be6 13. Rfd1 Rc8 14. Rac1 Ne4
15. Nd4 Qh4 16. g3 Qh3 17. Nxe6 fxe6 18. Rf1 Bb4 19. Nxe4 Rxc2 20. Rxc2 Qf5 0-1

[Event "Dokmus Internacional de Xadrez 2013"]
[Site "Recife"]
[Date "2013.01.19"]
[Round "5.4"]
[White "Brito, Luismar"]
[Black "Zallio, Luciano De Souza"]
[Result "0-1"]
[WhiteElo "2292"]
[BlackElo "2102"]
[PlyCount "91"]
[EventDate "2013.01.17"]

1. Nc3 d5 2. e4 Nf6 3. e5 Nfd7 4. Nf3 e6 5. d4 c5 6. dxc5 Nc6 7. Bf4 Bxc5 8.
Bd3 a6 9. O-O Be7 10. Re1 O-O 11. Qd2 Qa5 12. a3 b5 13. Bg5 Qd8 14. Qf4 Nc5 15.
Rad1 Nxd3 16. Rxd3 Bd7 17. Bxe7 Qxe7 18. Ne2 f6 19. Ned4 Rac8 20. Nxc6 Rxc6 21.
Nd4 Rc4 22. exf6 Qxf6 23. Qxf6 Rxf6 24. c3 a5 25. Nb3 a4 26. Nd4 Rc7 27. Rde3
Kf7 28. g3 Ke7 29. f4 Kd6 30. Re5 Rc8 31. Kf2 h6 32. h4 g6 33. Rd1 Rcf8 34. Nc2
Rxf4+ 35. gxf4 Rxf4+ 36. Kg3 Kxe5 37. Re1+ Re4 38. Rf1 h5 39. Rf7 Rg4+ 40. Kh3
Kd6 41. Ne3 Re4 42. Rf3 e5+ 43. Kg3 d4 44. cxd4 exd4 45. Ng2 Rg4+ 46. Kf2 0-1

[Event "Dokmus Internacional de Xadrez 2013"]
[Site "Recife"]
[Date "2013.01.19"]
[Round "5.5"]
[White "Da Silva, Alessandro Rodrigues"]
[Black "De Lima, Carlos Alexandre"]
[Result "1-0"]
[WhiteElo "2198"]
[BlackElo "2101"]
[PlyCount "101"]
[EventDate "2013.01.17"]

1. e4 d6 2. d4 Nf6 3. Nc3 c6 4. Bc4 d5 5. exd5 cxd5 6. Bd3 Nc6 7. Nf3 Bg4 8.
Be3 e6 9. O-O Bb4 10. Nb1 O-O 11. c3 Bd6 12. Nbd2 a6 13. Rc1 b5 14. Bg5 h6 15.
Bh4 Bf4 16. Be2 Na5 17. Ne5 Bf5 18. Bxf6 gxf6 19. Nd3 Bd6 20. Ra1 Qc7 21. g3
Nc4 22. b3 Nb6 23. Rc1 Bh3 24. Re1 f5 25. Nf3 Nd7 26. Nfe5 Kh7 27. Nf4 Bg4 28.
Bxg4 fxg4 29. Nxd7 Qxd7 30. Qxg4 Rg8 31. Nxd5 Rg6 32. Nf6+ Rxf6 33. Qe4+ Rf5
34. Qxa8 h5 35. Qe4 Kg7 36. Rcd1 Qc7 37. Rd3 Qa5 38. Re2 Rg5 39. Rf3 Qc7 40.
Qd3 h4 41. c4 e5 42. c5 Be7 43. Rxe5 Rxe5 44. dxe5 Bxc5 45. Qf5 h3 46. Qxh3
Qxe5 47. Qf5 Qe7 48. h4 Qb7 49. h5 Bd4 50. Rd3 Qb6 51. Qg5+ 1-0

[Event "Dokmus Internacional de Xadrez 2013"]
[Site "Recife"]
[Date "2013.01.19"]
[Round "5.6"]
[White "Araujo, Sergio Murilo"]
[Black "Fernandez, Maria Florencia"]
[Result "1-0"]
[WhiteElo "2115"]
[BlackElo "2188"]
[PlyCount "32"]
[EventDate "2013.01.17"]

1. c4 g6 2. Nc3 Bg7 3. d4 Nf6 4. e4 d6 5. f4 O-O 6. Nf3 c5 7. d5 e6 8. Be2 exd5
9. cxd5 Re8 10. e5 dxe5 11. fxe5 Ng4 12. Bg5 Qb6 13. O-O Nxe5 14. Nxe5 Bxe5 15.
Bc4 Qxb2 16. d6 Qxc3 1-0

[Event "Dokmus Internacional de Xadrez 2013"]
[Site "Recife"]
[Date "2013.01.19"]
[Round "5.7"]
[White "Rosa, Jose Antonio"]
[Black "De Almeida Jr, Benone Lopes"]
[Result "1/2-1/2"]
[WhiteElo "2058"]
[BlackElo "2184"]
[PlyCount "108"]
[EventDate "2013.01.17"]

1. e4 c5 2. Nf3 Nc6 3. Bb5 g6 4. O-O Bg7 5. c3 e6 6. Bxc6 dxc6 7. d4 cxd4 8.
cxd4 Ne7 9. Nc3 f6 10. Re1 O-O 11. h4 Qa5 12. Bf4 Rd8 13. Qb3 h6 14. Rad1 g5
15. hxg5 hxg5 16. Bg3 g4 17. Nd2 b5 18. Nf1 b4 19. Ne2 f5 20. Bh4 Re8 21. Nf4
fxe4 22. Bxe7 Rxe7 23. Rxe4 Bd7 24. Nxe6 Qd5 25. Nc5 Rxe4 26. Nxe4 Qxb3 27.
axb3 Rd8 28. d5 Re8 29. Nfg3 cxd5 30. Rxd5 Bc6 31. Nf6+ Bxf6 32. Rd6 Be5 33.
Rxc6 Bxg3 34. fxg3 Re3 35. Rg6+ Kf7 36. Rxg4 Rxb3 37. Rg5 Rxb2 38. Ra5 Kf6 39.
Rxa7 b3 40. Kh2 Rb1 41. Ra5 Ke6 42. g4 Kd6 43. Rb5 Kc6 44. Rb8 Kd5 45. g5 Ke6
46. Rb6+ Kf7 47. Kh3 Kg7 48. Kg4 Rb2 49. g3 Rb1 50. Kh5 Rh1+ 51. Kg4 Rb1 52.
Kf5 Rf1+ 53. Kg4 Rb1 54. Kf3 Rf1+ 1/2-1/2

[Event "Dokmus Internacional de Xadrez 2013"]
[Site "Recife"]
[Date "2013.01.19"]
[Round "5.9"]
[White "Rocha, Vitor Firmo De Souza"]
[Black "Pinto, Carlos Henrique Lope"]
[Result "1-0"]
[WhiteElo "1970"]
[BlackElo "2123"]
[PlyCount "68"]
[EventDate "2013.01.17"]

1. f4 b6 2. Nf3 Bb7 3. e3 g6 4. d4 Bg7 5. Bd3 d6 6. O-O Nd7 7. Nbd2 e6 8. Qe2
a6 9. e4 Ne7 10. e5 O-O 11. exd6 cxd6 12. Ne4 Qc7 13. c3 b5 14. a4 b4 15. Bd2
Qb6 16. a5 Qc7 17. cxb4 Nf5 18. Rac1 Qb8 19. Qf2 Bd5 20. Bc3 Qb7 21. Rfe1 Nb8
22. g4 Bxe4 23. Bxe4 d5 24. Bxf5 exf5 25. gxf5 Nc6 26. Qh4 Rfe8 27. f6 Bf8 28.
f5 Nxb4 29. Rxe8 Rxe8 30. fxg6 fxg6 31. Ng5 Re4 32. Nxe4 dxe4 33. Rf1 Qf7 34.
Bxb4 Bxb4 1-0

[Event "Dokmus Internacional de Xadrez 2013"]
[Site "Recife"]
[Date "2013.01.20"]
[Round "6.1"]
[White "Matsuura, Everaldo"]
[Black "Milos, Gilberto"]
[Result "1/2-1/2"]
[WhiteElo "2475"]
[BlackElo "2580"]
[PlyCount "86"]
[EventDate "2013.01.17"]

1. e4 c5 2. Nf3 d6 3. d4 cxd4 4. Nxd4 Nf6 5. Nc3 Nc6 6. Bg5 e6 7. Qd2 a6 8.
O-O-O Bd7 9. f3 Be7 10. Be3 O-O 11. g4 Nxd4 12. Bxd4 Bc6 13. g5 Nd7 14. h4 b5
15. Rg1 b4 16. Ne2 Ne5 17. Qe3 Qc7 18. Ng3 Bb5 19. b3 Bxf1 20. Rdxf1 a5 21. Kb1
a4 22. Rg2 Rfc8 23. Nh5 Bf8 24. Nf6+ Kh8 25. h5 axb3 26. cxb3 Ra6 27. Rfg1 Rc6
28. Bb2 Rc2 29. Ng4 Nxg4 30. fxg4 Kg8 31. g6 fxg6 32. hxg6 hxg6 33. Qd4 Rxg2
34. Rxg2 Qb7 35. Rc2 Rxc2 36. Kxc2 d5 37. exd5 exd5 38. Qe5 Qc8+ 39. Kd3 Qxg4
40. Qxd5+ Kh7 41. Be5 Be7 42. Bd4 Bf6 43. Bc5 Qd1+ 1/2-1/2

[Event "Dokmus Internacional de Xadrez 2013"]
[Site "Recife"]
[Date "2013.01.20"]
[Round "6.2"]
[White "Reis, Paulo F. Jatoba De O"]
[Black "Santiago, Yago De Moura"]
[Result "0-1"]
[WhiteElo "2414"]
[BlackElo "2405"]
[PlyCount "94"]
[EventDate "2013.01.17"]

1. c4 e6 2. g3 d5 3. Nf3 Nf6 4. Bg2 dxc4 5. Qa4+ Nbd7 6. O-O a6 7. Qxc4 b5 8.
Qc2 Bb7 9. a4 c5 10. axb5 axb5 11. Rxa8 Bxa8 12. Qb3 Bc6 13. d3 Be7 14. Na3 O-O
15. Nd2 Bxg2 16. Kxg2 Qa8+ 17. Nf3 Rb8 18. Bf4 e5 19. Bc1 e4 20. dxe4 c4 21.
Qc2 Bxa3 22. bxa3 Nxe4 23. Bf4 Re8 24. Rb1 g5 25. Be3 g4 26. Rxb5 gxf3+ 27.
exf3 Qc6 28. Qa4 Re5 29. Rb4 Qxa4 30. Rxa4 Nd6 31. Bf4 Rd5 32. Ra8+ Kg7 33. Ra6
Nf5 34. g4 Nh4+ 35. Kg3 Ng6 36. Be3 h5 37. h4 Nge5 38. gxh5 c3 39. h6+ Kh7 40.
Ra7 c2 41. a4 Nc4 42. Bf4 Rd4 43. Bg5 Nd2 44. Bxd2 Rxd2 45. Rc7 Ne5 46. Kf4 Re2
47. Kg5 Nd3 0-1

[Event "Dokmus Internacional de Xadrez 2013"]
[Site "Recife"]
[Date "2013.01.20"]
[Round "6.3"]
[White "Pereira, Silvio Cunha"]
[Black "Araujo, Sergio Murilo"]
[Result "1-0"]
[WhiteElo "2297"]
[BlackElo "2115"]
[PlyCount "65"]
[EventDate "2013.01.17"]

1. e4 d6 2. d4 Nf6 3. Nc3 g6 4. Bc4 Bg7 5. e5 dxe5 6. dxe5 Qxd1+ 7. Nxd1 Ne4 8.
f4 Nc6 9. Be3 g5 10. g3 Bf5 11. Ne2 Rd8 12. Bb5 Bd7 13. Bd3 gxf4 14. gxf4 f5
15. a3 Bh6 16. Ng3 Nxg3 17. hxg3 Bg7 18. Nc3 e6 19. Be2 Ne7 20. Nb5 Bxb5 21.
Bxb5+ Kf7 22. Be2 Ng6 23. Kf2 b6 24. b4 Ke7 25. a4 Rd7 26. a5 h6 27. Bb5 Rhd8
28. Bxd7 Rxd7 29. axb6 axb6 30. c4 Kf7 31. Ra7 Nf8 32. Rha1 Kg6 33. Rb7 1-0

[Event "Dokmus Internacional de Xadrez 2013"]
[Site "Recife"]
[Date "2013.01.20"]
[Round "6.5"]
[White "Souza, Rafael Cabral De"]
[Black "Zallio, Luciano De Souza"]
[Result "1/2-1/2"]
[WhiteElo "2166"]
[BlackElo "2102"]
[PlyCount "111"]
[EventDate "2013.01.17"]

1. e4 e6 2. d4 d5 3. e5 c5 4. c3 Qb6 5. a3 Bd7 6. Nf3 Bb5 7. dxc5 Bxc5 8. Bxb5+
Qxb5 9. Nd4 Bxd4 10. cxd4 Ne7 11. Qe2 Qxe2+ 12. Kxe2 Nbc6 13. Rd1 Rc8 14. Nc3
Nf5 15. Be3 f6 16. f4 Na5 17. Rd3 Nb3 18. Rad1 O-O 19. exf6 gxf6 20. Kf3 Na5
21. g3 a6 22. Bc1 b5 23. Re1 Nb3 24. Be3 Rc4 25. Red1 Na5 26. Na2 Rc2 27. Bd2
Nc4 28. Nb4 Rxb2 29. Nxa6 Rxd2 30. R1xd2 Nxd2+ 31. Rxd2 Ra8 32. Nc7 Rxa3+ 33.
Kf2 Kf7 34. Nxb5 Rb3 35. Nc7 Rb6 36. g4 Nd6 37. Ra2 Rb7 38. Na6 Ne4+ 39. Kg2
Ke7 40. h4 h6 41. Nc5 Nxc5 42. dxc5 Rc7 43. Ra5 e5 44. fxe5 fxe5 45. Ra6 Rxc5
46. Rxh6 Rc2+ 47. Kf3 Rc3+ 48. Ke2 Rg3 49. g5 e4 50. Ra6 d4 51. Ra4 d3+ 52. Kd2
Rg2+ 53. Kd1 Rg4 54. h5 Kf8 55. Rd4 Rxg5 56. Rxe4 1/2-1/2

[Event "Dokmus Internacional de Xadrez 2013"]
[Site "Recife"]
[Date "2013.01.20"]
[Round "7.1"]
[White "Milos, Gilberto"]
[Black "Santiago, Yago De Moura"]
[Result "1-0"]
[WhiteElo "2580"]
[BlackElo "2405"]
[PlyCount "139"]
[EventDate "2013.01.17"]

1. c4 e6 2. Nc3 d5 3. d4 Nf6 4. cxd5 exd5 5. Bg5 Be7 6. e3 O-O 7. Bd3 c6 8. Qc2
Nbd7 9. Nf3 Re8 10. O-O g6 11. Rab1 a5 12. a3 Nf8 13. b4 axb4 14. axb4 Ne6 15.
Bxf6 Bxf6 16. Na4 b5 17. Nc5 Nxc5 18. Qxc5 Bd7 19. Qc3 Qb6 20. Nd2 Be7 21. Rfe1
Be6 22. g3 Red8 23. h4 Ra4 24. Bc2 Ra2 25. Rbc1 Qb8 26. Nb3 Ra3 27. Qd2 Ra2 28.
Ra1 Bxb4 29. Qxb4 Rxc2 30. Na5 Qd6 31. Qb3 Bf5 32. e4 Bxe4 33. Rxe4 dxe4 34.
Qxc2 Qxd4 35. Rc1 e3 36. Nxc6 exf2+ 37. Qxf2 Qxf2+ 38. Kxf2 Rd6 39. Rc5 Kg7 40.
Nb4 Rd2+ 41. Kf3 Rb2 42. Rxb5 h5 43. Rb6 Rb3+ 44. Kg2 Rb2+ 45. Kh3 Rf2 46. Nd3
Rf5 47. Kg2 Kg8 48. Nf4 Kg7 49. Rb7 Re5 50. Kf3 Re1 51. Nh3 Re5 52. Ng5 Rf5+
53. Ke4 Kg8 54. Rb3 Ra5 55. Rb7 Rf5 56. Rd7 Kg7 57. Rd6 Ra5 58. Nf3 Ra4+ 59.
Rd4 Ra6 60. Ne5 Re6 61. Rd7 Rf6 62. Kd5 Kg8 63. Ra7 Kg7 64. Ra3 Rb6 65. Rf3
Rb5+ 66. Kd6 Rb6+ 67. Kd7 Rf6 68. Rf4 Rxf4 69. gxf4 Kf6 70. Ke8 1-0

[Event "Dokmus Internacional de Xadrez 2013"]
[Site "Recife"]
[Date "2013.01.20"]
[Round "7.2"]
[White "Pereira, Silvio Cunha"]
[Black "Matsuura, Everaldo"]
[Result "1/2-1/2"]
[WhiteElo "2297"]
[BlackElo "2475"]
[PlyCount "54"]
[EventDate "2013.01.17"]

1. e4 c5 2. Nf3 Nc6 3. d4 cxd4 4. Nxd4 g6 5. c4 Bg7 6. Be3 Nf6 7. Nc3 O-O 8.
Be2 d6 9. O-O Bd7 10. Rc1 Nxd4 11. Bxd4 Bc6 12. f3 Nd7 13. Be3 a5 14. b3 Nc5
15. Qd2 Qb6 16. Kh1 Rfc8 17. Rb1 h5 18. Rfc1 Kh7 19. Rc2 Qd8 20. a3 Qf8 21. Nd5
Bxd5 22. cxd5 a4 23. bxa4 Rxa4 24. Qc1 Bh6 25. Bxh6 Qxh6 26. Rxb7 Nxb7 27.
Qxh6+ Kxh6 1/2-1/2

[Event "Dokmus Internacional de Xadrez 2013"]
[Site "Recife"]
[Date "2013.01.20"]
[Round "7.3"]
[White "Reis, Paulo F. Jatoba De O"]
[Black "Souza, Rafael Cabral De"]
[Result "1-0"]
[WhiteElo "2414"]
[BlackElo "2166"]
[PlyCount "69"]
[EventDate "2013.01.17"]

1. c4 Nf6 2. g3 c5 3. Bg2 d5 4. cxd5 Nxd5 5. Nc3 Nc7 6. Nf3 Nc6 7. O-O e5 8. a3
f6 9. e3 Be6 10. d4 cxd4 11. exd4 exd4 12. Ne2 Bc5 13. b4 Bb6 14. Bb2 d3 15.
Nf4 O-O 16. Nxe6 Nxe6 17. Qb3 Qd7 18. Rfe1 Rfe8 19. Bh3 Kf7 20. Re4 Re7 21.
Rae1 Rae8 22. a4 d2 23. Rd1 Kf8 24. Kg2 Qc8 25. Rxd2 a5 26. Rd6 Kf7 27. b5 Bc5
28. Rdxe6 Rxe6 29. bxc6 Qxc6 30. Rxe6 Rxe6 31. Bxe6+ Qxe6 32. Qxb7+ Kg6 33. Bd4
Bb4 34. Nh4+ Kh6 35. Qf3 1-0

[Event "Dokmus Internacional de Xadrez 2013"]
[Site "Recife"]
[Date "2013.01.20"]
[Round "7.4"]
[White "Zallio, Luciano De Souza"]
[Black "Da Silva, Alessandro Rodrigues"]
[Result "0-1"]
[WhiteElo "2102"]
[BlackElo "2198"]
[PlyCount "196"]
[EventDate "2013.01.17"]

1. e4 c5 2. Nf3 d6 3. d4 cxd4 4. Nxd4 Nf6 5. Nc3 g6 6. Be3 Bg7 7. f3 Nc6 8. Qd2
O-O 9. O-O-O d5 10. exd5 Nxd5 11. Nxc6 bxc6 12. Bd4 e5 13. Bc5 Be6 14. Bc4 Re8
15. g4 Nf4 16. Qxd8 Rexd8 17. Rxd8+ Rxd8 18. Bxe6 Nxe6 19. Bxa7 Ra8 20. Be3 e4
21. Kb1 Rb8 22. Ka1 Rb4 23. h3 exf3 24. Rf1 f5 25. gxf5 gxf5 26. Rxf3 f4 27.
Bc1 Be5 28. Rf1 Kf7 29. Nd1 Re4 30. Kb1 Re2 31. a4 Ke7 32. Nf2 Bd6 33. Nd3 Re4
34. b3 c5 35. c3 c4 36. Nf2 Re2 37. b4 Nc7 38. Nd1 Nd5 39. a5 Kd7 40. b5 Re8
41. Kc2 Re2+ 42. Kb1 Re8 43. Rf2 Rb8 44. Rb2 Bc5 45. Bd2 f3 46. Be1 Ba3 47. Rf2
Re8 48. Rd2 Rxe1 49. Rxd5+ Ke6 50. Rd2 f2 51. Rxf2 Rxd1+ 52. Ka2 Bd6 53. a6 Bc5
54. Re2+ Kd5 55. Re7 Rd2+ 56. Kb1 Rg2 57. a7 Rg8 58. Rb7 Ra8 59. b6 Bxb6 60.
Rxb6 Rxa7 61. Rh6 Ke4 62. Kb2 Rd7 63. Kc2 Rg7 64. Rh4+ Kd5 65. Rh5+ Kc6 66. Kd2
Rd7+ 67. Kc2 Kb6 68. h4 Kc6 69. Rg5 Rd5 70. Rg7 Rh5 71. Rg4 Kd5 72. Kd2 Re5 73.
Rg7 h5 74. Rd7+ Kc5 75. Ra7 Kb6 76. Rg7 Re4 77. Rg5 Rxh4 78. Ke3 Kc6 79. Rf5
Kd6 80. Rg5 Ke6 81. Rc5 Kf6 82. Rc6+ Ke5 83. Rc5+ Kd6 84. Ra5 Rh1 85. Kd4 Rh4+
86. Ke3 Ke6 87. Rc5 Kf6 88. Rc6+ Kg7 89. Kd2 Rg4 90. Ke3 h4 91. Kf2 h3 92. Rd6
h2 93. Rd1 Kf6 94. Rh1 Rh4 95. Kg3 Rh7 96. Kg2 Ke5 97. Re1+ Kd5 98. Rh1 Rh3 0-1

[Event "Dokmus Internacional de Xadrez 2013"]
[Site "Recife"]
[Date "2013.01.20"]
[Round "7.5"]
[White "Rocha, Vitor Firmo De Souza"]
[Black "De Almeida Jr, Benone Lopes"]
[Result "0-1"]
[WhiteElo "1970"]
[BlackElo "2184"]
[PlyCount "106"]
[EventDate "2013.01.17"]

1. f4 g6 2. Nf3 c5 3. g3 Bg7 4. Bg2 Nf6 5. O-O d6 6. Nc3 O-O 7. e4 Nc6 8. d3
Rb8 9. a4 a6 10. h3 b5 11. axb5 axb5 12. Be3 b4 13. Ne2 Ne8 14. Qc1 e6 15. e5
Qb6 16. d4 dxe5 17. dxe5 Nc7 18. Nd2 Ba6 19. Re1 Nd5 20. Bf2 Bxe2 21. Rxe2 Qb5
22. Re4 Rfc8 23. Nc4 Bf8 24. Bf1 Qb7 25. Nd6 Bxd6 26. Ba6 Qb6 27. Bxc8 Bf8 28.
Ba6 Nd4 29. Bc4 Qc6 30. Bxd4 cxd4 31. Bxd5 Qxd5 32. Qe1 Rc8 33. Re2 b3 34. Rc1
Qc5 35. Kh2 d3 36. Re3 Qxc2+ 37. Rxc2 Rxc2+ 38. Kh1 d2 39. Qe2 Rc1+ 40. Kg2
d1=Q 41. Qxd1 Rxd1 42. Rxb3 Rd4 43. Kf3 Rb4 44. Rxb4 Bxb4 45. g4 Kg7 46. Ke4 h5
47. Kd3 hxg4 48. hxg4 Kf8 49. Ke4 Ke7 50. f5 gxf5+ 51. gxf5 exf5+ 52. Kxf5 Bd2
53. b3 Bc3 0-1

[Event "Dokmus Internacional de Xadrez 2013"]
[Site "Recife"]
[Date "2013.01.20"]
[Round "7.7"]
[White "Brito, Luismar"]
[Black "Cardoso, Almir Correia"]
[Result "1-0"]
[WhiteElo "2292"]
[BlackElo "2094"]
[PlyCount "131"]
[EventDate "2013.01.17"]

1. e4 e5 2. Nf3 Nc6 3. Bb5 a6 4. Ba4 Nf6 5. O-O b5 6. Bb3 Be7 7. Re1 O-O 8. d4
d6 9. c3 Bg4 10. Be3 Na5 11. Bc2 Nc4 12. b3 Nxe3 13. Rxe3 Nd7 14. a4 Bg5 15.
Re1 exd4 16. cxd4 c5 17. e5 cxd4 18. exd6 bxa4 19. Rxa4 Bf6 20. Nbd2 Nc5 21.
Bxh7+ Kh8 22. Rc4 Qxd6 23. b4 Kxh7 24. Rxc5 Rfe8 25. Ne4 Qf4 26. Qd3 Kg8 27.
Nfd2 Be6 28. g3 Qh6 29. Nxf6+ Qxf6 30. Ne4 Qd8 31. Ng5 Qf6 32. h4 g6 33. Rce5
Rad8 34. Qxa6 d3 35. R5e3 d2 36. Rd1 Qf5 37. Ne4 Rd4 38. f3 Red8 39. Qa3 Qb5
40. Qc3 Qxb4 41. Qxb4 Rxb4 42. Rxd2 Rb1+ 43. Kf2 Rxd2+ 44. Nxd2 Rb2 45. Rd3 Kg7
46. Ke3 Rb4 47. Rd4 Rb2 48. Kf4 Ra2 49. g4 Ra5 50. Ne4 Rb5 51. g5 Rb8 52. Nf6
Rh8 53. Ke5 Ra8 54. f4 Rh8 55. h5 gxh5 56. f5 Bb3 57. Rd3 Bc4 58. Rc3 Be2 59.
Re3 Bd1 60. Re1 Bf3 61. Kf4 Bg2 62. Ne8+ Kh7 63. Re7 Rf8 64. Nf6+ Kg7 65. Nxh5+
Kg8 66. Nf6+ 1-0

[Event "Dokmus Internacional de Xadrez 2013"]
[Site "Recife"]
[Date "2013.01.20"]
[Round "7.8"]
[White "Soares, Alberto Manoel Colar"]
[Black "Correia, Max Do Carmo"]
[Result "0-1"]
[WhiteElo "2204"]
[BlackElo "1975"]
[PlyCount "116"]
[EventDate "2013.01.17"]

1. c4 c6 2. b3 d5 3. Bb2 Nd7 4. Nf3 Ngf6 5. g3 e6 6. Bg2 Bd6 7. O-O O-O 8. d4
b6 9. Nbd2 Ba6 10. Re1 Bc8 11. e4 dxe4 12. Nxe4 Nxe4 13. Rxe4 Nf6 14. Rh4 h6
15. Qe2 Bb7 16. Rd1 Qe7 17. Ne5 Kh7 18. Bc1 Ng8 19. Be4+ f5 20. Bc2 Bxe5 21.
Qxe5 Qf6 22. Qe3 g6 23. Ba3 Rf7 24. Bd6 g5 25. Rh3 Rd8 26. Be5 Qg6 27. g4 Nf6
28. Bxf6 Qxf6 29. gxf5 exf5 30. Rf3 Bc8 31. d5 Kg7 32. Qd3 f4 33. Qc3 Bg4 34.
Rd2 Bxf3 35. Qxf3 Re7 36. Kg2 Qf7 37. Qd3 Kf8 38. Qh3 Qf6 39. f3 Rde8 40. Be4
cxd5 41. cxd5 Rd8 42. Rc2 Red7 43. Rc6 Qxc6 44. dxc6 Rd2+ 45. Kg1 Rd1+ 46. Qf1
Rxf1+ 47. Kxf1 Ke7 48. h4 Rd2 49. hxg5 hxg5 50. a4 a5 51. Ke1 Rb2 52. Bd5 Kd6
53. Kd1 Rh2 54. Be4 Kc7 55. Bd5 Rh6 56. Ke2 Rd6 57. Be4 Rd4 58. Ke1 Rxe4+ 0-1